MDQL
is popping MORE tags! Check the
thread
!
Quizzes
Events
Quiz Creation
Community
Videos
Private Events
Remove Ads
Sign In
Join for FREE
Feedback
Dark Mode
Quiz Categories
Sports
Geography
Music
Movies
Television
Just For Fun
Miscellaneous
History
Literature
Language
Science
Gaming
Entertainment
Religion
Holiday
For Kids
Quiz Lab
Recent
Popular Today
Quiz Kudos Today
Editor Picks
Curator Picks
Quizzes by...
Day
Popularity
Type
Ratings
Length
Year
Community
Subscriptions
Recent Discussions
Orange Saloon
Badges
Playlists
Quests
Create
Leaderboards
Showdown
Live 5
Trivia Bingo
Activity
Puzzle Library
Sporcle Events
Private Events
Virtual Trivia
Globe League
Become a Host
Pub Owners
SporcleCon
Opinionation
Our Games
Videos
Blog
Mobile Apps
Partnerships
Remove Ads and Go Orange
Feedback
Music
Pop Music
The Beatles
Song
Album
Lyrics
Bands
Singers
Artist
Clip
Rock
Rap
Classical
Billboard
Country Music
Kpop
Taylor Swift
Music
Pop Music
The Beatles
Song
Album
Lyrics
Bands
Singers
Artist
Clip
Rock
Rap
Classical
Billboard
Country Music
Kpop
Taylor Swift
Random Quiz
Search Sporcle
×
Quiz Lab
Quiz Lab
Music
Lyrics
Type in answers that appear in a list
Type in answers that appear in a list
Classic
Best Score? Go Orange.
Duran Duran Songs by Lyrics Stats
Can you name the Duran Duran Songs by lyrics?
By
Polo
8m
25 Questions
1,149 Plays
1,149 Plays
1,149 Plays
Comments
Comments
Give Quiz Kudos
Give Quiz Kudos
-
- Ratings
hide this ad
Replay
Link that replays current quiz
Next Quiz
Link to next quiz in quiz playlist
You Got
0%
They Got
Avg Score
59%
Avg Friend Score
Upgrade to see
Score Distribution
Jump to the score distribution portion of the page
Score
0/25
Timer
08:00
0
Plays Today
Lyrics
Song Title
% Correct
And when she shines she really shows you all she can
Rio
96%
Stalked in the forest, too close to hide
Hungry Like the Wolf
93.3%
Lipstick cherry all over the lens as she's falling
Girls on Film
92.3%
I tell you somebodys foolin' around with my chances on the danger line
The Reflex
92.3%
That fatal kiss is all we need
A view to a Kill
88.2%
I won't cry for yesterday
Ordinary World
86.8%
Look now, look all around, there's no sign of life
Planet Earth
86.8%
And you wanted to dance so I asked you to dance
Save a Prayer
86.4%
I light my torch and wave it for the
New Moon on Monday
76.9%
Voices in your body coming through on the radio
Union of the Snake
76.3%
Do you feel the same cause you don't let it show
Is There Something I Should Know
71.9%
I saw you at the air race yesterday
My Own Way
61.5%
Fear hangs a plane of gunsmoke
Careless Memories
58.7%
Lyrics
Song Title
% Correct
Way down the lane away, living for another day
The Chauffeur
53.9%
Sometimes she wonders, and she laughs in her frustration
Skin Trade
50.2%
And sometimes I'm caught in a landslide and my beats so in time can you look at me
Last Chance on the Stairway
49%
Georgie Davis is coming out no more heros we twist and shout
Friends of Mine
47.9%
Princess of my dreams
Electric Barbarella
47.8%
Oh woman you make me feel like I'm on fire
Serious
42.5%
I never found out what made you leave
Anyone Out There
35.8%
You've never refused when she lies back
Meet el Presidente
30.5%
And now there's no way home, this love affair is ended
Blame the Machines
20.4%
Across the sky A jet trail following
Mediterranea
17.4%
Strange, how we explain the story that we've lived through
Safe
16.2%
I may be a delueded fool but still fascinated
Too Bad Your'e so Beautiful
15.9%
Quiz Playlist
Details
Report
Send in Message
Add To Playlist
Classic:
Type in answers that appear in a list
Last Updated: Feb 16, 2017
Quiz Scoreboard
CHALLENGE
Sign Up to Join the Scoreboard
Show All
Scores
Hide
Comments
May contain spoilers
Recently Published
1-10 Letter E Words III
by El_Dandy
Language
2m
Street Fighter Characters
by Artimus82
Gaming
60s
College Basketball Coaching Resumes
by pancakes188
Sports
9m
More to Explore
Quiz From the Vault
Featured Blog Post
Where Did the Easter Bunny Come From?
hide this ad
You Might Also Like...
Tags
Lyrics Quiz
1980
Duran Duran
Today's Top Quizzes in Music
Browse Music
hide this ad
Today's Top Quizzes in Lyrics
Browse Lyrics
Top Contributed Quizzes in Music
1
Taylor Swift All Songs (2024)
2
Taylor Swift Logic Puzzle
3
Guess the Artist- 70s Songs
4
7-to-1: Billboard Hot 100 #1 Hits of 2010s
5
Sorting Albums and Songs
6
KPOP LOGIC QUIZ
7
Billboard Blitz: Aretha Franklin
8
Guess the Taylor Swift song (Mystery Song)
9
Guess The Taylor Swift Lyrics Song #1
10
Billboard Blitz: ABBA
Explore More
Trending Topics
Disney
Harry Potter
Marvel
Kpop
Anime
NBA
Crossword
Puzzle
Song
The Office
WWE
Pokémon
NFL
Soccer
Country
hide this ad
More By:
Polo
Quiz
Plays
Rating
Category
Featured
Created
Duran Duran Songs by Lyrics
1,149
4.25
Music
May 13, 2011
The David Beckham Quiz
1,058
2.20
Sports
Jul 12, 2011
Suburbs of Leeds, England
962
5.00
Geography
May 13, 2011
Footballers Career Path
640
4.50
Sports
Jul 17, 2011
Duran Duran Band Members
433
5.00
Music
Jun 27, 2011
Go to Creator's Profile
Score Distribution
Quiz Creator Spotlight
Polo
Follow
Send a Message
Quizzes Created
-
Created Quiz Play Count
-
More By This Creator
Popular Quizzes Today
1
Find the US States - No Outlines Minefield
2
Find the Countries of Europe - No Outlines Minefield
3
The Countries of the World
4
Find the US States
5
Risky Map Clicking: Biggest States A-Z
6
US States
7
Popular People in 1961
8
Movies - When Are They Set?
More Music Quizzes
Taylor Swift's Fearless Secret Messages
Quiz Lab
Trending Quizzes
Risky Map Clicking: Least Populous States A-Z
1-10 Letter G Words
Countries of the World: 200 Million BC
1-10 Letter F Words
Risky Map Clicking: Next State Alphabetically
Recently Updated
Largest US Cities 1790-2010
pecheneg
Rides in Walt Disney World
pecheneg
Most Oscar Losses (Acting)
pecheneg
Beyoncé Albums
pecheneg
Leaping Animals
pecheneg
Reality TV Shows (A-Z)
bhenderson79
Rickey Henderson's Hall of Fame Teammates
pecheneg
Champions League XIs: Arsenal
pecheneg
Quick Pick: Celebrities in WWE's Hall of Fame
aduchscher
A-Z Keypad Blitz II
pecheneg
Trending Topics
Kpop
Disney
Anime
Crossword
NBA
Marvel
Harry Potter
Puzzle
Song
Country
NFL
Soccer
Pokémon
WWE
The Office
Your Account Isn't Verified!
In order to create a playlist on Sporcle, you need to verify the email address you used during registration. Go to your
Sporcle Settings
to finish the process.
Report this User
Report this user for behavior that violates our
Community Guidelines
.
Details:
Send Report
Go to the Sporcle.com Mobile Site →
Comments